[Event "Titled Tuesday intern op 13th Aug Early"]
[Site "Chess.com INT"]
[Date "2024.08.13"]
[Round "2"]
[White "Chizhikov, Vladislav"]
[Black "Onyshchuk, Volodymyr"]
[Result "0-1"]
[WhiteElo "2242"]
[BlackElo "2610"]
[PlyCount "110"]
[EventDate "2024.08.13"]
[EventType "swiss (blitz)"]
[EventRounds "11"]
[EventCountry "USA"]
[SourceTitle "EXT 2025"]
[Source "ChessBase"]
[SourceDate "2024.10.14"]
[SourceVersion "1"]
[SourceVersionDate "2024.10.14"]
[SourceQuality "1"]

1. e4 d6 2. d4 Nf6 3. Nc3 g6 4. f3 c6 5. Be3 b5 6. Qd2 Qc7 7. g4 Nbd7 8. g5 Nh5 9. Nce2 Nb6 10. Ng3 Nxg3 11. hxg3 e5 12. Nh3 Bg7 13. 0-0-0 Be6 14. d5 cxd5 15. Bxb5+ Kf8 16. exd5 Nxd5 17. Ba4 Nxe3 18. Qxe3 d5 19. Qa3+ Qe7 20. Qxe7+ Kxe7 21. Nf2 h6 22. gxh6 Rxh6 23. Bb3 Rxh1 24. Rxh1 a5 25. a3 Rh8 26. Rxh8 Bxh8 27. Kd2 f5 28. c3 Kd6 29. Nd3 Bf6 30. f4 e4 31. Nc1 d4 32. cxd4 Bxd4 33. Bxe6 Kxe6 34. Kc2 Kd5 35. Ne2 Bf2 36. b3 Bc5 37. b4 axb4 38. axb4 Bxb4 39. Kb3 Be1 40. Kc2 Kc4 41. Kd1 Ba5 42. Kc2 Bb4 43. Ng1 Kd4 44. Ne2+ Ke3 45. Kd1 Kf2 46. Nd4 Kxg3 47. Ke2 Kxf4 48. Ne6+ Ke5 49. Ng5 Be7 50. Nh3 f4 51. Nf2 f3+ 52. Kf1 e3 53. Ng4+ Kf4 54. Nh2 e2+ 55. Kg1 Bc5+ 0-1

[Event "Titled Tuesday intern op 13th Aug Early"]
[Site "Chess.com INT"]
[Date "2024.08.13"]
[Round "6"]
[White "Chizhikov, Vladislav"]
[Black "Poddubnyi, Viktor"]
[Result "1-0"]
[WhiteElo "2242"]
[BlackElo "2304"]
[PlyCount "55"]
[EventDate "2024.08.13"]
[EventType "swiss (blitz)"]
[EventRounds "11"]
[EventCountry "USA"]
[SourceTitle "EXT 2025"]
[Source "ChessBase"]
[SourceDate "2024.10.14"]
[SourceVersion "1"]
[SourceVersionDate "2024.10.14"]
[SourceQuality "1"]

1. e4 g6 2. d4 Bg7 3. Be3 d6 4. Nc3 a6 5. Qd2 b5 6. h4 h5 7. Nh3 Bb7 8. Ng5 Nd7 9. f4 Ngf6 10. e5 b4 11. Ne2 Ne4 12. Qxb4 Nb6 13. Nxe4 Bxe4 14. Ng3 Bc6 15. 0-0-0 Nd5 16. Qc4 Qd7 17. Bd2 0-0 18. Bd3 e6 19. Be4 Rfb8 20. Qd3 Rb7 21. b3 a5 22. a4 Bxa4 23. Bxd5 exd5 24. bxa4 Qxa4 25. Bc3 c5 26. Kd2 cxd4 27. Bxd4 dxe5 28. fxe5 1-0

[Event "Titled Tuesday intern op 13th Aug Early"]
[Site "Chess.com INT"]
[Date "2024.08.13"]
[Round "9"]
[White "Chizhikov, Vladislav"]
[Black "Starozhilov, Leonid"]
[Result "1-0"]
[WhiteElo "2242"]
[BlackElo "2281"]
[PlyCount "75"]
[EventDate "2024.08.13"]
[EventType "swiss (blitz)"]
[EventRounds "11"]
[EventCountry "USA"]
[SourceTitle "EXT 2025"]
[Source "ChessBase"]
[SourceDate "2024.10.14"]
[SourceVersion "1"]
[SourceVersionDate "2024.10.14"]
[SourceQuality "1"]

1. e4 g6 2. d4 Bg7 3. Nc3 d6 4. Be3 a6 5. Qd2 b5 6. h4 h5 7. Nh3 Bxh3 8. Rxh3 Nd7 9. f4 Ngf6 10. e5 Ng4 11. Bg1 c5 12. exd6 exd6 13. dxc5 Nxc5 14. 0-0-0 b4 15. Re1+ Ne6 16. Nd5 0-0 17. Bc4 a5 18. Kb1 a4 19. f5 gxf5 20. Rf3 a3 21. Rxf5 Qxh4 22. Nf4 Nxf4 23. Rxf4 Bh6 24. Ref1 Ne5 25. Rxh4 Bxd2 26. Bd5 Ra5 27. Be4 axb2 28. Bd4 Rc8 29. Rxh5 Bc3 30. Rfh1 Bxd4 31. Rh8+ Kg7 32. Rxc8 Nc4 33. Rxc4 Bc3 34. Bd3 Re5 35. Rg4+ Kf8 36. Rf1 Re3 37. Rgf4 f6 38. Rxf6+ 1-0

[Event "Titled Tuesday intern op 13th Aug Early"]
[Site "Chess.com INT"]
[Date "2024.08.13"]
[Round "3"]
[White "Persson, Richard"]
[Black "Chizhikov, Vladislav"]
[Result "1-0"]
[WhiteElo "2106"]
[BlackElo "2242"]
[PlyCount "73"]
[EventDate "2024.08.13"]
[EventType "swiss (blitz)"]
[EventRounds "11"]
[EventCountry "USA"]
[SourceTitle "EXT 2025"]
[Source "ChessBase"]
[SourceDate "2024.10.14"]
[SourceVersion "1"]
[SourceVersionDate "2024.10.14"]
[SourceQuality "1"]

1. e4 c6 2. Nf3 d5 3. d3 Qc7 4. Nc3 Nf6 5. Bg5 dxe4 6. dxe4 Nbd7 7. Bc4 g6 8. Qe2 Ne5 9. Bf4 Nfd7 10. 0-0-0 Bg7 11. h4 h5 12. Ng5 Qa5 13. Bb3 Nc5 14. Kb1 Nxb3 15. axb3 0-0 16. f3 b5 17. Bd2 Qc7 18. g4 hxg4 19. h5 gxf3 20. Qh2 Rd8 21. hxg6 fxg6 22. Bf4 Bg4 23. Qg3 Rxd1+ 24. Nxd1 Rd8 25. Ne3 Bh5 26. Ne6 Qd7 27. Nxd8 Qxd8 28. Bxe5 Qd2 29. Bxg7 Kxg7 30. Ng4 Kf8 31. Qxf3+ Ke8 32. Qe3 Qd6 33. Nf2 Qe6 34. Nd3 a5 35. Re1 a4 36. Qb6 axb3 37. cxb3 1-0

[Event "Titled Tuesday intern op 13th Aug Early"]
[Site "Chess.com INT"]
[Date "2024.08.13"]
[Round "11"]
[White "Weetik, Vjacheslav"]
[Black "Chizhikov, Vladislav"]
[Result "1-0"]
[WhiteElo "2423"]
[BlackElo "2242"]
[PlyCount "63"]
[EventDate "2024.08.13"]
[EventType "swiss (blitz)"]
[EventRounds "11"]
[EventCountry "USA"]
[SourceTitle "EXT 2025"]
[Source "ChessBase"]
[SourceDate "2024.10.14"]
[SourceVersion "1"]
[SourceVersionDate "2024.10.14"]
[SourceQuality "1"]

1. d4 d5 2. Bf4 c6 3. e3 Bf5 4. Nc3 e6 5. Nge2 Nd7 6. f3 Bg6 7. Qd2 b5 8. Nd1 Qb6 9. h4 h5 10. Bg3 c5 11. Nf4 Bh7 12. Nxh5 c4 13. Nf2 b4 14. Be2 c3 15. bxc3 bxc3 16. Qd1 Qa5 17. 0-0 Ngf6 18. Nxf6+ gxf6 19. e4 Rg8 20. Bh2 Bh6 21. Qd3 Rc8 22. Rab1 Nb6 23. Ng4 Rxg4 24. fxg4 Bxe4 25. Qg3 Qa3 26. g5 fxg5 27. hxg5 Bg7 28. Bh5 Bxd4+ 29. Kh1 Bf5 30. Rbe1 Kf8 31. g6 Qe7 32. Rxf5 1-0

[Event "Baku op"]
[Site "Baku"]
[Date "2023.05.04"]
[Round "1"]
[White "Bharath, Subramaniyam H"]
[Black "Chizhikov, Vladislav"]
[Result "1-0"]
[WhiteElo "2517"]
[BlackElo "2279"]
[PlyCount "93"]
[EventDate "2023.05.04"]
[EventType "swiss"]
[EventRounds "9"]
[EventCountry "AZE"]
[SourceTitle "CBM 214 Extra"]
[Source "ChessBase"]
[SourceDate "2023.07.31"]
[SourceVersion "1"]
[SourceVersionDate "2023.07.31"]
[SourceQuality "1"]

1. e4 c6 2. Nc3 d5 3. Nf3 dxe4 4. Nxe4 Nf6 5. Qe2 Nxe4 6. Qxe4 Qd5 7. Qh4 Qe6+ 8. Be2 Qg4 9. Qg3 Qxg3 10. hxg3 Bg4 11. b3 Nd7 12. Bb2 Bxf3 13. Bxf3 e5 14. 0-0-0 Bc5 15. d4 Bb6 16. dxe5 Bxf2 17. e6 fxe6 18. Bxg7 Ke7 19. Bxh8 Rxh8 20. g4 Be3+ 21. Kb2 Bf4 22. Rhe1 h6 23. Re4 Bg3 24. Rh1 Be5+ 25. Kb1 Bf6 26. b4 Bc3 27. a3 Ne5 28. Ka2 Nf7 29. Kb3 Bg7 30. Rd1 Rf8 31. Re3 Rc8 32. g5 Nxg5 33. Bg4 Rf8 34. Red3 Rf2 35. Rd7+ Kf6 36. Bh5 Bf8 37. Rxb7 Ke5 38. Re1+ Kf4 39. Re2 Kg3 40. Rxf2 Kxf2 41. Rxa7 e5 42. Ra8 Bd6 43. Rd8 Bc7 44. Rc8 Bb6 45. Rxc6 Ba7 46. b5 e4 47. b6 1-0

[Event "Titled Tuesday intern op 25th Oct Early"]
[Site "Chess.com INT"]
[Date "2022.10.25"]
[Round "2"]
[White "Chizhikov, Vladislav"]
[Black "Berezin, Viktor1"]
[Result "1-0"]
[WhiteElo "2279"]
[BlackElo "2307"]
[PlyCount "73"]
[EventDate "2022.10.25"]
[EventType "swiss (blitz)"]
[EventRounds "11"]
[EventCountry "USA"]
[SourceTitle "EXT 2024"]
[Source "ChessBase"]
[SourceDate "2023.10.10"]
[SourceVersion "1"]
[SourceVersionDate "2023.10.10"]
[SourceQuality "1"]

1. e4 c6 2. d4 d5 3. Nc3 dxe4 4. Nxe4 Nf6 5. Nxf6+ exf6 6. c3 Bd6 7. Bd3 0-0 8. Ne2 Re8 9. Qc2 h5 10. 0-0 h4 11. Bf4 Rxe2 12. Qxe2 Bxf4 13. Qe4 Bh6 14. Qh7+ Kf8 15. Rfe1 Be6 16. Bf5 Ke7 17. Rxe6+ fxe6 18. Re1 e5 19. dxe5 Qd2 20. exf6+ Kd6 21. Rf1 Qg5 22. f7 Na6 23. Qg8 Rxg8 24. fxg8Q Qxf5 25. Qd8+ Kc5 26. Qa5+ b5 27. Qxa6 Qd7 28. Qa3+ Kb6 29. Qf8 Bg5 30. Qf3 Bf6 31. Rd1 Qc7 32. Qe3+ c5 33. Qe6+ Ka5 34. Rd6 Qb7 35. Ra6+ Qxa6 36. b4+ cxb4 37. cxb4+ 1-0

[Event "Titled Tuesday intern op 25th Oct Late"]
[Site "Chess.com INT"]
[Date "2022.10.25"]
[Round "2"]
[White "Chizhikov, Vladislav"]
[Black "Jimenez Jimenez, Leandro"]
[Result "1-0"]
[WhiteElo "2279"]
[BlackElo "2157"]
[PlyCount "23"]
[EventDate "2022.10.25"]
[EventType "swiss (blitz)"]
[EventRounds "11"]
[EventCountry "USA"]
[SourceTitle "EXT 2024"]
[Source "ChessBase"]
[SourceDate "2023.10.10"]
[SourceVersion "1"]
[SourceVersionDate "2023.10.10"]
[SourceQuality "1"]

1. e4 e5 2. Nf3 Nc6 3. Bc4 Bc5 4. 0-0 Nf6 5. d4 Bxd4 6. Nxd4 Nxd4 7. Bg5 Ne6 8. f4 h6 9. fxe5 hxg5 10. exf6 gxf6 11. Nc3 Nd4 12. Qxd4 1-0

[Event "Titled Tuesday intern op 25th Oct Late"]
[Site "Chess.com INT"]
[Date "2022.10.25"]
[Round "3"]
[White "Chizhikov, Vladislav"]
[Black "Papasimakopoulos, Alexandros"]
[Result "0-1"]
[WhiteElo "2279"]
[BlackElo "2312"]
[PlyCount "104"]
[EventDate "2022.10.25"]
[EventType "swiss (blitz)"]
[EventRounds "11"]
[EventCountry "USA"]
[SourceTitle "EXT 2024"]
[Source "ChessBase"]
[SourceDate "2023.10.10"]
[SourceVersion "1"]
[SourceVersionDate "2023.10.10"]
[SourceQuality "1"]

1. e4 e6 2. d4 d5 3. Nc3 Bb4 4. e5 b6 5. a3 Bf8 6. h4 h5 7. Nh3 Ne7 8. Bb5+ c6 9. Bd3 Ba6 10. Ng5 Bxd3 11. Qxd3 Nf5 12. Ne2 c5 13. c3 Nc6 14. Ng3 c4 15. Qf3 g6 16. Nxf5 gxf5 17. Nh3 Qxh4 18. Bf4 Qg4 19. Qe3 Qxg2 20. 0-0-0 Qe4 21. Qg3 Na5 22. Rde1 Nb3+ 23. Kd1 Qb1+ 24. Ke2 Qxb2+ 25. Kf1 0-0-0 26. Ng5 Rg8 27. Qf3 Bh6 28. Rxh5 Bxg5 29. Rxg5 Nd2+ 30. Bxd2 Qxd2 31. Rh5 Rg1+ 32. Kxg1 Qxe1+ 33. Kh2 Rg8 34. Rh7 Qg1+ 35. Kh3 Qg6 36. Rh4 b5 37. Rf4 a5 38. Rh4 b4 39. cxb4 axb4 40. axb4 Kb7 41. Rh5 Kb6 42. Rh4 Qg4+ 43. Rxg4 fxg4+ 44. Kg3 gxf3+ 45. Kxf3 Kb5 46. Ke3 Kxb4 47. f4 Kb3 48. f5 c3 49. Kf4 c2 50. f6 c1Q+ 51. Kf3 Qc3+ 52. Kf4 Qxd4+ 0-1

[Event "Titled Tuesday intern op 06th Sep Late"]
[Site "Chess.com INT"]
[Date "2022.09.06"]
[Round "6"]
[White "Chizhikov, Vladislav"]
[Black "Sonnenschein, Philipp"]
[Result "1-0"]
[WhiteElo "2279"]
[BlackElo "2213"]
[PlyCount "85"]
[EventDate "2022.09.06"]
[EventType "swiss (blitz)"]
[EventRounds "11"]
[EventCountry "USA"]
[SourceTitle "EXT 2023"]
[Source "ChessBase"]
[SourceDate "2022.10.05"]
[SourceVersion "1"]
[SourceVersionDate "2022.10.05"]
[SourceQuality "1"]

1. e4 c5 2. Nf3 Nc6 3. b3 Nf6 4. e5 Nd5 5. c4 Nc7 6. g3 g6 7. Bb2 Bg7 8. Bg2 0-0 9. 0-0 Ne6 10. Re1 d6 11. Qc1 Ned4 12. Nxd4 Nxd4 13. exd6 Qxd6 14. Nc3 Bg4 15. Nb5 Nxb5 16. Bxg7 Kxg7 17. cxb5 Rab8 18. Qc3+ Kg8 19. Re5 b6 20. Rae1 Rfe8 21. Bc6 Bd7 22. Rd5 Bxc6 23. Rxd6 exd6 24. Re3 Bxb5 25. d4 Rbd8 26. h3 Bc6 27. g4 Bb7 28. Kh2 Ba8 29. Kg3 Bb7 30. Kf4 h6 31. h4 Kh7 32. Kg3 Kg8 33. a3 Kh7 34. dxc5 dxc5 35. Qf6 Rxe3+ 36. fxe3 Rd7 37. a4 Kg8 38. h5 gxh5 39. gxh5 Rd3 40. Qxh6 Rxb3 41. Qg5+ Kh7 42. h6 Be4 43. Qg7# 1-0

[Event "Titled Tuesday intern op 08th Mar Early"]
[Site "Chess.com INT"]
[Date "2022.03.08"]
[Round "5"]
[White "Chizhikov, Vladislav"]
[Black "Kirillov, Dmitry1"]
[Result "0-1"]
[WhiteElo "2279"]
[BlackElo "2249"]
[PlyCount "132"]
[EventDate "2022.03.08"]
[EventType "swiss (blitz)"]
[EventRounds "11"]
[EventCountry "USA"]
[SourceTitle "CBM 207 Extra"]
[Source "ChessBase"]
[SourceDate "2022.05.31"]
[SourceVersion "1"]
[SourceVersionDate "2022.05.31"]
[SourceQuality "1"]

1. e4 c5 2. Nf3 e6 3. b3 Nc6 4. Bb2 a6 5. Be2 d5 6. exd5 exd5 7. d4 Nf6 8. 0-0 Be7 9. h3 0-0 10. Nc3 Re8 11. Bd3 cxd4 12. Ne2 Ne4 13. Nexd4 Bf6 14. c4 Nxd4 15. Nxd4 Qb6 16. c5 Qxc5 17. Rc1 Qb6 18. Bb1 Bd7 19. Qd3 g6 20. Rfd1 Rac8 21. Rxc8 Rxc8 22. f3 Nc5 23. Qe3 Ne6 24. Qf2 Nxd4 25. Bxd4 Bxd4 26. Rxd4 Rc1+ 27. Kh2 Qd6+ 28. f4 Be6 29. Bd3 b5 30. a4 bxa4 31. Rxa4 Qb8 32. Qd4 Rc6 33. Rxa6 Rxa6 34. Bxa6 Qxb3 35. f5 Qb8+ 36. Kg1 Qb1+ 37. Kh2 Qxf5 38. Be2 g5 39. Bf3 h6 40. Kg1 Qb1+ 41. Kh2 Qb8+ 42. Kg1 Qd6 43. Kf1 Qa6+ 44. Kg1 Qd6 45. Qf6 Qc5+ 46. Kh1 Qc1+ 47. Kh2 Qf4+ 48. Qxf4 gxf4 49. Kg1 Kg7 50. Kf2 Kf6 51. Ke2 Ke5 52. Kd3 Bf5+ 53. Kd2 Be4 54. Ke2 Bxf3+ 55. gxf3 Kd4 56. Kd2 Kc4 57. Kc2 d4 58. Kd2 d3 59. h4 h5 60. Kd1 Kd4 61. Kd2 f6 62. Kd1 Ke3 63. Ke1 Kxf3 64. Kd2 Kg2 65. Kxd3 f3 66. Ke4 f2 0-1

[Event "Titled Tuesday intern op 08th Mar Early"]
[Site "Chess.com INT"]
[Date "2022.03.08"]
[Round "4"]
[White "Heinemann, Josefine"]
[Black "Chizhikov, Vladislav"]
[Result "0-1"]
[WhiteElo "2290"]
[BlackElo "2279"]
[PlyCount "100"]
[EventDate "2022.03.08"]
[EventType "swiss (blitz)"]
[EventRounds "11"]
[EventCountry "USA"]
[SourceTitle "CBM 207 Extra"]
[Source "ChessBase"]
[SourceDate "2022.05.31"]
[SourceVersion "1"]
[SourceVersionDate "2022.05.31"]
[SourceQuality "1"]

1. Nf3 c5 2. g3 Nc6 3. c4 g6 4. Bg2 Bg7 5. 0-0 d6 6. Nc3 Bd7 7. b3 Qc8 8. Bb2 Bh3 9. Qc2 h5 10. Ne4 Kf8 11. Bxg7+ Kxg7 12. Qc3+ f6 13. Neg5 Bxg2 14. Kxg2 Nd4 15. Nxd4 cxd4 16. Qxd4 e5 17. Qxd6 fxg5 18. Qxe5+ Kh7 19. Qxg5 Qc6+ 20. f3 Re8 21. e4 Nf6 22. d4 Rhf8 23. d5 Qa6 24. e5 Nd7 25. Rfe1 Qa3 26. e6 Qb2+ 27. Kg1 Rxf3 28. Qc1 Qd4+ 29. Kh1 Nc5 30. Qd1 Rd3 31. Qe2 b5 32. Rf1 Re3 33. Qf2 Qe4+ 34. Qg2 bxc4 35. bxc4 Qxc4 36. Rf7+ Kg8 37. Raf1 Qe4 38. Qxe4 Rxe4 39. Rxa7 Rb8 40. Kg2 Rb2+ 41. Kh3 Ree2 42. Ra8+ Kg7 43. Rf7+ Kh6 44. g4 Rxh2+ 45. Kg3 Rbg2+ 46. Kf4 Nd3+ 47. Ke3 Rh3+ 48. Kd4 Rxg4+ 49. Kc3 Kg5 50. Rg8 Ne5+ 0-1

[Event "Titled Tuesday intern op 18th Jan"]
[Site "Chess.com INT"]
[Date "2022.01.18"]
[Round "3"]
[White "Bodi, Tibor"]
[Black "Chizhikov, Vladislav"]
[Result "1-0"]
[WhiteElo "2324"]
[BlackElo "2279"]
[PlyCount "107"]
[EventDate "2022.01.18"]
[EventType "swiss (blitz)"]
[EventRounds "11"]
[EventCountry "USA"]
[SourceTitle "CBM 206 Extra"]
[Source "ChessBase"]
[SourceDate "2022.03.31"]
[SourceVersion "1"]
[SourceVersionDate "2022.03.31"]
[SourceQuality "1"]

1. Nc3 c5 2. e4 Nc6 3. Nf3 g6 4. h4 h5 5. d4 cxd4 6. Nxd4 Bg7 7. Be3 Nf6 8. f3 d5 9. Nxc6 bxc6 10. exd5 Nxd5 11. Nxd5 Qxd5 12. Qxd5 cxd5 13. 0-0-0 e6 14. c4 Rb8 15. b3 dxc4 16. Bxc4 Bd7 17. Bxa7 Ra8 18. Bd4 Bxd4 19. Rxd4 Rxa2 20. Rhd1 Ra1+ 21. Kb2 Rxd1 22. Rxd1 Ke7 23. Ra1 Rg8 24. Ra5 f6 25. b4 g5 26. hxg5 Rxg5 27. Rxg5 fxg5 28. Kc3 Kd6 29. Kd4 Bc6 30. b5 e5+ 31. Ke3 Bb7 32. Bd3 Kc5 33. Be4 Bc8 34. Bg6 Bb7 35. Be8 g4 36. Bxh5 gxf3 37. Bxf3 Bc8 38. Bc6 Bf5 39. Kf3 Kb6 40. g4 Bc2 41. g5 Bf5 42. Be4 Be6 43. Bd3 Bd5+ 44. Kg4 e4 45. Be2 Kc5 46. Kf4 Kd4 47. g6 Kc5 48. g7 Kb6 49. Ke5 Bg8 50. Kxe4 Kc5 51. Ke5 Bd5 52. Kf6 Kd6 53. b6 Bg8 54. Bf3 1-0

[Event "Titled Tuesday intern op 18th Jan"]
[Site "Chess.com INT"]
[Date "2022.01.18"]
[Round "5"]
[White "Fajdetic, Hrvoje"]
[Black "Chizhikov, Vladislav"]
[Result "0-1"]
[WhiteElo "2151"]
[BlackElo "2279"]
[PlyCount "82"]
[EventDate "2022.01.18"]
[EventType "swiss (blitz)"]
[EventRounds "11"]
[EventCountry "USA"]
[SourceTitle "CBM 206 Extra"]
[Source "ChessBase"]
[SourceDate "2022.03.31"]
[SourceVersion "1"]
[SourceVersionDate "2022.03.31"]
[SourceQuality "1"]

1. d4 d5 2. Bf4 c6 3. c4 Qb6 4. e3 Qxb2 5. Nd2 Nf6 6. Ngf3 e6 7. Rb1 Qc3 8. Rb3 Qa5 9. Bd3 Nh5 10. Be5 Nd7 11. g4 Nhf6 12. Bg3 Nxg4 13. Ne5 Ngxe5 14. dxe5 dxc4 15. Bxc4 Nxe5 16. Be2 Bd6 17. 0-0 Bc7 18. f4 Ng6 19. Nc4 Qc5 20. h4 Qe7 21. h5 Nh4 22. e4 g5 23. Qe1 Rg8 24. f5 Bxg3 25. Qxg3 e5 26. f6 Qc5+ 27. Kh2 Be6 28. Rxb7 Rd8 29. Nxe5 Rd2 30. Rf2 h6 31. Nxc6 Qxc6 32. Qb8+ Rd8 33. Qxa7 Qd6+ 34. Kg1 Qg3+ 35. Kf1 Bh3+ 36. Ke1 Qg1+ 37. Bf1 Nf3+ 38. Ke2 Nd4+ 39. Ke3 Qg3+ 40. Rf3 Qxf3+ 41. Kd2 Nc6+ 0-1

[Event "Titled Tuesday intern op 11th Jan"]
[Site "Chess.com INT"]
[Date "2022.01.11"]
[Round "7"]
[White "Chizhikov, Vladislav"]
[Black "Rustemov, Alexander"]
[Result "0-1"]
[WhiteElo "2279"]
[BlackElo "2525"]
[PlyCount "88"]
[EventDate "2022.01.11"]
[EventType "swiss (blitz)"]
[EventRounds "11"]
[EventCountry "USA"]
[SourceTitle "CBM 206 Extra"]
[Source "ChessBase"]
[SourceDate "2022.03.31"]
[SourceVersion "1"]
[SourceVersionDate "2022.03.31"]
[SourceQuality "1"]

1. e4 e6 2. d4 d5 3. Nc3 Bb4 4. e5 c5 5. a3 Bxc3+ 6. bxc3 Ne7 7. Qg4 0-0 8. Bd3 Qa5 9. Bd2 Nbc6 10. Nf3 f5 11. exf6 Rxf6 12. Qh5 Nf5 13. 0-0 c4 14. Bxf5 Rxf5 15. Qh4 Qa4 16. Ra2 Bd7 17. Re1 Raf8 18. Ng5 h6 19. Nxe6 Bxe6 20. Rxe6 Rxf2 21. Qxf2 Rxf2 22. Kxf2 Qb5 23. Re1 Kh7 24. a4 Qb6 25. Kf1 Qd8 26. Raa1 Qd6 27. Kg1 Qg6 28. Re2 b6 29. Rf1 Qxc2 30. Rf7 Qd1+ 31. Kf2 Qxa4 32. Bf4 Qb3 33. Rc7 Qxc3 34. Rxc6 Qxd4+ 35. Kg3 c3 36. Re7 b5 37. Rcc7 b4 38. Be5 Qd3+ 39. Kf2 Kg6 40. Rxg7+ Kf5 41. Rge7 c2 42. Bb2 Qd2+ 43. Kg3 Qf4+ 44. Kh3 Qg4# 0-1

[Event "Titled Tuesday intern op 04th Jan"]
[Site "Chess.com INT"]
[Date "2022.01.04"]
[Round "2"]
[White "Costachi, Mihnea"]
[Black "Chizhikov, Vladislav"]
[Result "1-0"]
[WhiteElo "2463"]
[BlackElo "2279"]
[PlyCount "91"]
[EventDate "2022.01.04"]
[EventType "swiss (blitz)"]
[EventRounds "11"]
[EventCountry "USA"]
[SourceTitle "EXT 2023"]
[Source "ChessBase"]
[SourceDate "2022.10.05"]
[SourceVersion "1"]
[SourceVersionDate "2022.10.05"]
[SourceQuality "1"]

1. e4 e6 2. Qe2 Be7 3. g3 d5 4. d3 Nc6 5. c3 dxe4 6. dxe4 Nf6 7. Bg2 0-0 8. Nf3 e5 9. h3 h6 10. 0-0 Be6 11. Rd1 Bd6 12. Nbd2 Qe7 13. Nc4 Rfd8 14. Nxd6 Rxd6 15. Rxd6 Qxd6 16. Nh4 Rd8 17. Be3 b6 18. Nf5 Qd7 19. g4 Ne7 20. Nxe7+ Qxe7 21. g5 Nh7 22. gxh6 g5 23. Rd1 f6 24. a3 Nf8 25. h4 g4 26. f3 gxf3 27. Bxf3 Kh7 28. Bg4 Rxd1+ 29. Qxd1 Ng6 30. Bf5 Bxf5 31. exf5 Nh8 32. Qg4 Qd7 33. Kf2 a5 34. b4 axb4 35. cxb4 b5 36. h5 c6 37. Kg3 Qc7 38. Kf3 Qf7 39. Ke2 Qa2+ 40. Bd2 Qf7 41. Qg6+ Nxg6 42. hxg6+ Qxg6 43. fxg6+ Kxg6 44. Kf3 Kh7 45. Ke4 Kg6 46. Bc1 1-0

[Event "Titled Tuesday intern op 23rd Nov"]
[Site "Chess.com INT"]
[Date "2021.11.23"]
[Round "8"]
[White "Baches Garcia, Guillermo"]
[Black "Chizhikov, Vladislav"]
[Result "1-0"]
[WhiteElo "2329"]
[BlackElo "2279"]
[PlyCount "41"]
[EventDate "2021.11.23"]
[EventType "swiss (blitz)"]
[EventRounds "11"]
[EventCountry "USA"]
[SourceTitle "CBM 205 Extra"]
[Source "ChessBase"]
[SourceDate "2022.01.31"]
[SourceVersion "1"]
[SourceVersionDate "2022.01.31"]
[SourceQuality "1"]

1. e4 e6 2. d4 d5 3. exd5 exd5 4. Nf3 Bd6 5. c4 dxc4 6. Bxc4 Nf6 7. 0-0 0-0 8. Nc3 Nbd7 9. Qd3 Nb6 10. Bb3 h6 11. Bxh6 gxh6 12. Qg6+ Kh8 13. Bxf7 Qe7 14. Qxh6+ Nh7 15. Bg6 Qg7 16. Qxh7+ Qxh7 17. Bxh7 Kxh7 18. Ne4 Kg6 19. Rac1 Bg4 20. Ne5+ Kh6 21. Nxg4+ 1-0

[Event "Titled Tuesday intern op 23rd Nov"]
[Site "Chess.com INT"]
[Date "2021.11.23"]
[Round "3"]
[White "Neiksans, Arturs"]
[Black "Chizhikov, Vladislav"]
[Result "1-0"]
[WhiteElo "2575"]
[BlackElo "2279"]
[PlyCount "59"]
[EventDate "2021.11.23"]
[EventType "swiss (blitz)"]
[EventRounds "11"]
[EventCountry "USA"]
[SourceTitle "CBM 205 Extra"]
[Source "ChessBase"]
[SourceDate "2022.01.31"]
[SourceVersion "1"]
[SourceVersionDate "2022.01.31"]
[SourceQuality "1"]

1. e4 e6 2. d3 d5 3. Nd2 Nf6 4. Ngf3 g6 5. g3 Bg7 6. Bg2 0-0 7. 0-0 c5 8. Re1 Nc6 9. c3 a5 10. Qe2 a4 11. Nf1 b6 12. e5 Nd7 13. Bf4 Ba6 14. h4 a3 15. b3 Rc8 16. N1h2 d4 17. c4 h5 18. g4 hxg4 19. Nxg4 Nb4 20. Bg5 Qc7 21. h5 Bb7 22. Nf6+ Nxf6 23. exf6 Bh8 24. Ne5 Bxg2 25. Kxg2 Nc6 26. Ng4 e5 27. Nh6+ Kh7 28. Rh1 Bxf6 29. Bxf6 Kxh6 30. Qg4 1-0

[Event "Titled Tuesday intern op 16th Nov"]
[Site "Chess.com INT"]
[Date "2021.11.16"]
[Round "9"]
[White "Koutlas, Nikolaos"]
[Black "Chizhikov, Vladislav"]
[Result "1-0"]
[WhiteElo "2273"]
[BlackElo "2279"]
[PlyCount "85"]
[EventDate "2021.11.16"]
[EventType "swiss (blitz)"]
[EventRounds "11"]
[EventCountry "USA"]
[SourceTitle "CBM 205 Extra"]
[Source "ChessBase"]
[SourceDate "2022.01.31"]
[SourceVersion "1"]
[SourceVersionDate "2022.01.31"]
[SourceQuality "1"]

1. Nf3 c5 2. g3 Nc6 3. Bg2 g6 4. 0-0 Bg7 5. d3 Nf6 6. Nc3 d5 7. Bg5 0-0 8. Nd2 e6 9. e4 d4 10. Ne2 e5 11. f4 exf4 12. Nxf4 h6 13. Bxf6 Bxf6 14. Nd5 Bg7 15. a4 Ne5 16. Nf3 Qd6 17. Nxe5 Qxe5 18. Qf3 Be6 19. a5 Rae8 20. a6 b6 21. Nf4 Bd7 22. Bh3 Bc6 23. Bg4 c4 24. h4 cxd3 25. cxd3 Bb5 26. h5 g5 27. Nd5 Rd8 28. Kg2 Rd6 29. Bf5 Bc6 30. Nb4 Ba8 31. Rac1 Qa5 32. Rc4 Be5 33. Nd5 Bxd5 34. exd5 Qxd5 35. Be4 Qa5 36. Qf5 Qd2+ 37. Rf2 Qxf2+ 38. Kxf2 Rf6 39. Qxf6 Bxf6 40. Rc7 Rd8 41. Rxa7 Be5 42. Re7 Kf8 43. Rxe5 1-0

[Event "Titled Tuesday intern op 16th Nov"]
[Site "Chess.com INT"]
[Date "2021.11.16"]
[Round "7"]
[White "Todorovic, Bojan"]
[Black "Chizhikov, Vladislav"]
[Result "0-1"]
[WhiteElo "2222"]
[BlackElo "2279"]
[PlyCount "88"]
[EventDate "2021.11.16"]
[EventType "swiss (blitz)"]
[EventRounds "11"]
[EventCountry "USA"]
[SourceTitle "CBM 205 Extra"]
[Source "ChessBase"]
[SourceDate "2022.01.31"]
[SourceVersion "1"]
[SourceVersionDate "2022.01.31"]
[SourceQuality "1"]

1. d4 d5 2. c4 e5 3. dxe5 d4 4. a3 Nc6 5. e3 Bf5 6. Nf3 d3 7. Nc3 Nge7 8. e4 Bg4 9. Qxd3 Bxf3 10. Qxd8+ Rxd8 11. gxf3 Nd4 12. Rb1 Nxf3+ 13. Ke2 Nxe5 14. b3 N7g6 15. Bg2 Nd3 16. Nd5 Nxc1+ 17. Rbxc1 c6 18. Ne3 Bxa3 19. Ra1 Bc5 20. b4 Bd4 21. Ra2 Nf4+ 22. Kf3 Nxg2 23. Nxg2 0-0 24. Rd1 a6 25. Rad2 Bf6 26. Kg4 Rxd2 27. Rxd2 Rd8 28. Rxd8+ Bxd8 29. Kf5 Be7 30. c5 a5 31. bxa5 Bxc5 32. Nf4 Bxf2 33. Nd3 Bd4 34. e5 c5 35. Ke4 Kf8 36. Kd5 Ke7 37. Nf4 Bg1 38. Nh5 g6 39. Nf6 Bxh2 40. Nxh7 Bf4 41. Nf6 Bd2 42. Ng4 Bxa5 43. Kxc5 Bc7 44. Kd5 Bb8 0-1